000 00391nam a22001577a 4500
003 OSt
005 20211025162556.0
008 211025b |||||||| |||| 00| 0 eng d
020 _a0-7923-6562-8
040 _cHawassa university
050 _a633/COF
082 _a633/COF
245 _aCoffee biotechnology and quality
260 _aLondon
_bCluwer academic
_c2000
942 _2ddc
_cBOOKS
_n0
999 _c14804
_d14804